000 00557nam a2200193Ia 4500
003 GCL
008 140319s9999 xx 000 0 eng d
020 _a0679736603
040 _aGCL /
_cGCL
082 0 4 _a974.0841
_bP R
100 1 _aPIPES, RICHARD
245 1 0 _aTHE RUSSIAN REVOLUTION /
_cPIPES, RICHARD
260 _aنيويورك :
_bVINTAGE BOOKS ،
_c1990
300 _a22 CM ؛
_cXVI, 946 P
650 0 4 _aRUSSIA - HISTORY
650 0 4 _aSOVIET UNION - HISTORY - REVOLUTION, 1917
650 0 4 _aSOVIET UNION - HISTORY, NICHOLAS
942 _2ddc
_cBK
999 _c7407
_d7407